000
00348nam a22001217a 4500
082
_a
954
100
_a
पाण्डेय , मनोहर
_9
82514
245
_a
Magbook भारतीय इतिहास
250
_a
2 ND
260
_a
दिल्ली
_b
अरिहंत
_c
2024
650
_a
इतिहास
942
_c
C. BOOKS
999
_c
67051
_d
67051